000 00472nam a2200181Ia 4500
005 20250508150752.0
008 008 250505s9999 xx 000 0 hin d
037 _aTextual
040 _aFEDL
_beng
_cFEDL
041 _ahin
_2eng
084 _aFH, CHA
_qFEDL
100 _aChatopadhaya Sharchandra
_9757588
245 0 _aShubhda
260 _aKashi, India
_bShrinath Brothers
300 _a217p.
942 _cTEXL
_hFH, CHA
999 _c1325560
_d1325560